00738 2200229 4500001002100000005001500021035002500036040001200061082002100073084002100094245010500115260005800220300004200278650004100320850001200361007000300373090002500376090002200401999002200423008004100445990002200486INLIS00000000002086820200616023148 a0010-061600000000279 aYOPDDIY04222a333.95982315 a333.95982315 SUC00aSuccess story program WISMP2 :bkumpulan kisah inspiratif kelompok gp3A dan PB A di Kabupaten Sleman3 aSleman :bBadan Perencanaan Pembangunan Daerah,c2015 aiii, 188 halaman :bilustrasi ;c21cm 4aLembaga--xAir, pengaturan--zSleman aYOPDYOGta aDEP 333.95982315 SUC aCB-D.11 2015-1823 aCB-D.11/2015-1823160609s2015 yoia g | ind d aCB-D.11/2015-1823